Brno dnes a zítra : katalog k výstavě fotografií, Brno 1973 /

Další autoři: Hrubý, Karel Otto, 1916-1998, Koutník, Antonín
Jazyk: Čeština
Vydáno: Brno : Měst. kulturní středisko S.K. Neumanna, 1973
Témata:
Fyzický popis: [84] s. ; příč. 8°
Knihy
Uloženo v:
LEADER 01124nam a2200265 a 4500
001 000453380
003 CZ BrMZK
005 20121116133732.0
007 ta
008 970226s1973 xr f cze d
015 |a cnb000462890 
035 |a (OCoLC)42097845 
040 |a BOA001  |b cze 
080 9 |a 779:908.437.222-21(069)  |2 MRF 
245 0 0 |a Brno dnes a zítra :  |b katalog k výstavě fotografií, Brno 1973 /  |c red. a uspoř.: K. O. Hrubý a Antonín Koutník ; [úvod:] Bohumír Polách 
260 |a Brno :  |b Měst. kulturní středisko S.K. Neumanna,  |c 1973 
300 |a [84] s. ;  |c příč. 8° 
500 |a Na obálce použito barev. fot. Josefa Tichého a Františka Maršálka 
700 1 |a Hrubý, Karel Otto,  |d 1916-1998  |7 jk01042965  |4 edt 
700 1 |a Koutník, Antonín  |7 mzk2010610274  |4 edt  |4 com 
910 |a BOA001  |b 2-0715.568 
964 |a Brno (Česko) - fotografie 
990 |a BK 
996 6 |b 2619752938  |c 2-0715.568  |l Sklad H1  |r Sklad / do 24 hodin  |n 4  |h HS212  |w 000453380  |u 000020  |a 1  |e BOA001  |j MZK50  |s P 
996 6 |b 2619777067  |c 2-0715.568  |l Sklad H1  |r Sklad / do 24 hodin  |n 17  |h HS212  |w 000453380  |u 000010  |a 1  |e BOA001  |j MZK50  |s P